1001 pinturas que hay que ver antes de morir (Record no. 60674)

MARC details
000 -LEADER
campo de control de longitud fija 00896nac a2200265 a 4500
003 - IDENTIFICADOR DE NÚMERO DE CONTROL
campo de control Co-PeBPM
005 - FECHA Y HORA DE LA ÚLTIMA TRANSACCIÓN
campo de control 20250413105308.0
008 - DATOS DE LONGITUD FIJA--INFORMACIÓN GENERAL
campo de control de longitud fija 250413e2007 |||o|||| |||| 00| 0 spa d
020 ## - NÚMERO INTERNACIONAL ESTÁNDAR DEL LIBRO
Número Internacional Estándar del Libro 9788425341113
040 0# - FUENTE DE CATALOGACIÓN
Centro catalogador/agencia de origen Co-PeBPM
Lengua de catalogación spa
Centro/agencia transcriptor Co-PeBPM
Normas de descripción rda
041 0# - CÓDIGO DE IDIOMA
Código de lengua del texto/banda sonora o título independiente spa
082 04 - NÚMERO DE LA CLASIFICACIÓN DECIMAL DEWEY
Número de clasificación R 750.9 F247p
245 10 - MENCIÓN DEL TÍTULO
Título 1001 pinturas que hay que ver antes de morir
Mención de responsabilidad, etc. / prólogo de JF Yvars ; edición de Stephen Farthing
250 ## - MENCION DE EDICION
Mención de edición Segunda edición
260 ## - PUBLICACIÓN, DISTRIBUCIÓN, ETC.
Lugar de publicación, distribución, etc. Barcelona, España
Nombre del editor, distribuidor, etc. : Grijalbo
Fecha de publicación, distribución, etc. , 2007
300 ## - DESCRIPCIÓN FÍSICA
Extensión 960 páginas
Otras características físicas : fotografías a color
Dimensiones ; 22 centímetros
500 ## - NOTA GENERAL
Nota general Incluye glosario : páginas 942-946.
500 ## - NOTA GENERAL
Nota general Incluye índice.
650 14 - PUNTO DE ACCESO ADICIONAL DE MATERIA--TÉRMINO DE MATERIA
Fuente del encabezamiento o término LEMB
Término de materia o nombre geográfico como elemento de entrada Pintura
Subdivisión de forma guías
650 14 - PUNTO DE ACCESO ADICIONAL DE MATERIA--TÉRMINO DE MATERIA
Fuente del encabezamiento o término LEMB
Término de materia o nombre geográfico como elemento de entrada Pintores
Subdivisión de forma biografías
650 14 - PUNTO DE ACCESO ADICIONAL DE MATERIA--TÉRMINO DE MATERIA
Fuente del encabezamiento o término LEMB
Término de materia o nombre geográfico como elemento de entrada Pintura
Subdivisión general historia y crítica
700 1# - ENTRADA AGREGADA--NOMBRE PERSONAL
Nombre de persona Yvars, José Francisco
Término indicativo de función/relación prólogo
700 1# - ENTRADA AGREGADA--NOMBRE PERSONAL
Nombre de persona Farthing, Stephen
Término indicativo de función/relación editor
942 ## - ELEMENTOS DE ENTRADA SECUNDARIOS (KOHA)
Fuente del sistema de clasificación o colocación Clasificación Decimal Dewey
Tipo de ítem Koha Libros
Suprimir en OPAC No
Holdings
Estatus retirado Estado de pérdida Fuente del sistema de clasificación o colocación Estado de daño No para préstamo Colección Biblioteca de origen Biblioteca actual Ubicación en estantería Fecha de adquisición Total de préstamos Signatura topográfica completa Código de barras Visto por última vez Copia número Precio de reemplazo Tipo de ítem Koha
    Clasificación Decimal Dewey     Referencia BIBLIOTECA SAN JOAQUIN BIBLIOTECA SAN JOAQUIN Referencia 13/04/2025   R 750.9 F247p 61354 13/04/2025 Ej.1 13/04/2025 Libros

Powered by Koha